| 000 | 00472nam a22001697a 4500 | ||
|---|---|---|---|
| 020 | _a9788126554232 | ||
| 082 |
_a519.0624 _bKRE/AD |
||
| 100 |
_aKreyszig,Erwin _91234 |
||
| 100 |
_aKreyszig,Herbert _91235 |
||
| 100 |
_aNorminton,Edward J. _91236 |
||
| 245 | _aAdvanced Engineering Mathematics: International Student Version | ||
| 250 | _a10th | ||
| 260 |
_aNew Delhi _bWiley _c2015 |
||
| 300 | _a1001, A1 - I27 | ||
| 500 | _aInternational Student Version | ||
| 942 | _cBK | ||
| 999 |
_c14706 _d14706 |
||